| 000 | 00843 a2200181 4500 | ||
|---|---|---|---|
| 003 | NUST | ||
| 005 | 20221128163334.0 | ||
| 010 | _a6466016 | ||
| 040 | _cNust | ||
| 082 | _a531,KIT | ||
| 100 |
_aKittel , Charles _934447 |
||
| 245 |
_aMechanics : _bBerkeley physics course- Vol-1 / _cCharles Kittel and Waltes D Kinight |
||
| 260 |
_aN.Y _bN y University _c1965 |
||
| 300 | _a480:p.: | ||
| 505 | _aIntroduction (Page-2), Vectors (Page-24), Galilean Invariance (Page-54), Conservation Of Energy (Page-132), Harmonic Oscillator (Page-190), Speed Of Light (Page-310), Lorentz Transformations Of Length And Time (Page-344), Relativistic Dynamics (Page-380), Simple Problems In Relativistic Dynamics (Page-406), Principles Of Equivalence (Page-426), The Particles Of Modern Physics (Page-438). | ||
| 650 | _aMechanics | ||
| 942 |
_2ddc _cBK _k531,KIT |
||
| 999 |
_c183863 _d183863 |
||